Human Performance and Limitation for Mariners / (Record no. 21)

000 -LEADER
fixed length control field 00483nam a2200157Ia 4500
008 - FIXED-LENGTH DATA ELEMENTS--GENERAL INFORMATION
fixed length control field 190719s9999||||xx |||||||||||||| ||und||
020 ## - INTERNATIONAL STANDARD BOOK NUMBER
International Standard Book Number 9781906915346
Terms of availability £ 50.00
040 ## - CATALOGING SOURCE
Original cataloging agency IMU Kochi
082 04 - DEWEY DECIMAL CLASSIFICATION NUMBER
Classification number 623.88
Item number H8801
110 ## - MAIN ENTRY--CORPORATE NAME
Corporate name or jurisdiction name as entry element The Nautical Institute
245 #0 - TITLE STATEMENT
Title Human Performance and Limitation for Mariners /
Statement of responsibility, etc. The Nautical Institute
260 ## - PUBLICATION, DISTRIBUTION, ETC.
Place of publication, distribution, etc. London :
Name of publisher, distributor, etc. The Nautical Institute ,
Date of publication, distribution, etc. 2015
300 ## - PHYSICAL DESCRIPTION
Extent vi, 96 p.
Other physical details : col. ill.
Dimensions ; 24 cm.
650 ## - SUBJECT ADDED ENTRY--TOPICAL TERM
Topical term or geographic name entry element Sailors
942 ## - ADDED ENTRY ELEMENTS (KOHA)
Source of classification or shelving scheme
Koha item type Books
Holdings
Withdrawn status Lost status Damaged status Not for loan Collection code Permanent Location Current Location Shelving location Date acquired Source of acquisition Cost, normal purchase price Total Checkouts Full call number Barcode Date last seen Date last checked out Price effective from Koha item type Public note
        Nautical Science IMU Kochi Library IMU Kochi Library Reference 2017-04-29 Segment Book Distrubuters 4350.00 1 623.88 H8801 BK003094 2021-09-07 2021-08-04 2019-07-19 Books Shelf-4, Row-3
        Nautical Science IMU Kochi Library IMU Kochi Library Reference 2017-04-29 Segment Book Distrubuters 4350.00 1 623.88 H8801 BK003095 2024-01-24 2024-01-24 2019-07-19 Books Shelf-4, Row-3


Copyright © All Rights Reserved by Indian Maritime University, Kochi Campus.
For any Suggestions/Query Contact to library or Email: library.kochi@imu.ac.in Ph:(0484)-2989402
(Web OPAC Designed by Rudra Ranjan. Maintained by IMU Kochi Library)

Powered by Koha